[Event "Dewan Astana Karnival op (Women)"]
[Site "Dewan Astana"]
[Date "2015.08.01"]
[Round "6"]
[White "Nur, Farhana Atiqah Amir"]
[Black "Nurwahida, Atira Nordin"]
[Result "1/2-1/2"]
[WhiteElo "1498"]
[BlackElo "1483"]
[PlyCount "74"]
[EventDate "2015.07.29"]
[EventType "swiss"]
[EventRounds "7"]
[EventCountry "MAS"]
[SourceTitle "EXT 2017"]
[Source "ChessBase"]
[SourceDate "2016.10.25"]
[SourceVersion "1"]
[SourceVersionDate "2016.10.25"]
[SourceQuality "1"]

1. d4 d6 2. c4 g6 3. Nc3 Bg7 4. Nf3 Nd7 5. e4 c5 6. d5 Nh6 7. Bf4 f6 8. h3 a6 9. Be2 0-0 10. 0-0 Nb6 11. Qd2 Nf7 12. Rab1 e5 13. Be3 f5 14. exf5 Bxf5 15. Rbc1 Qc7 16. Ng5 Rae8 17. b3 Nc8 18. Nxf7 Rxf7 19. g4 Bd7 20. Ne4 Kh8 21. Bh6 Ne7 22. Bxg7+ Kxg7 23. Bd3 Rf4 24. Kg2 Ref8 25. f3 Ng8 26. Rce1 Bc8 27. Qb2 Re8 28. Bb1 Nf6 29. Qd2 Nxe4 30. Rxe4 Ref8 31. Qe1 Qe7 32. Qa5 Qf6 33. Rxf4 exf4 34. Qe1 Bd7 35. Qf2 Re8 36. Be4 h5 37. Re1 Rh8 1/2-1/2

[Event "Dewan Astana Karnival op (Women)"]
[Site "Dewan Astana"]
[Date "2015.07.31"]
[Round "5"]
[White "Nur Intan, Liyana"]
[Black "Nur, Farhana Atiqah Amir"]
[Result "0-1"]
[WhiteElo "1512"]
[BlackElo "1498"]
[PlyCount "99"]
[EventDate "2015.07.29"]
[EventType "swiss"]
[EventRounds "7"]
[EventCountry "MAS"]
[SourceTitle "EXT 2017"]
[Source "ChessBase"]
[SourceDate "2016.10.25"]
[SourceVersion "1"]
[SourceVersionDate "2016.10.25"]
[SourceQuality "1"]

1. d4 Nf6 2. c4 g6 3. Nc3 Bg7 4. Nf3 0-0 5. e4 d6 6. h3 Nbd7 7. Be3 c6 8. Bd3 Qc7 9. 0-0 e5 10. d5 Nb6 11. Qd2 cxd5 12. cxd5 Nc4 13. Bxc4 Qxc4 14. Qc2 Bd7 15. b3 Qc7 16. Rac1 Rac8 17. Qb1 Qa5 18. Bd2 Qb6 19. Rfe1 a5 20. a4 Qa6 21. b4 axb4 22. Qxb4 Rc4 23. Qb3 Rfc8 24. Nh2 Rd4 25. Be3 Rdc4 26. f3 b5 27. Na2 Rxc1 28. Rxc1 Rxc1+ 29. Bxc1 Nh5 30. Nb4 Qb7 31. Qc2 Qb6+ 32. Qf2 Qc7 33. Bb2 Nf4 34. Kh1 Qc4 35. Nf1 Nd3 36. Nxd3 Qxd3 37. Ne3 Bh6 38. Nc2 Qb3 39. Nb4 Bf4 40. Qc2 Qe3 41. Nd3 Bg3 42. Bc1 Qd4 43. Qe2 Qc4 44. Qe3 Qc2 45. Qd2 Qc4 46. Bb2 Qa2 47. Qc2 Qc4 48. Qc3 Qxa4 49. Qd2 Qc4 50. Qe2 0-1

[Event "Dewan Astana Karnival op (Women)"]
[Site "Dewan Astana"]
[Date "2015.07.30"]
[Round "3"]
[White "Munira, Menjan"]
[Black "Nur, Farhana Atiqah Amir"]
[Result "0-1"]
[WhiteElo "1437"]
[BlackElo "1498"]
[PlyCount "70"]
[EventDate "2015.07.29"]
[EventType "swiss"]
[EventRounds "7"]
[EventCountry "MAS"]
[SourceTitle "EXT 2017"]
[Source "ChessBase"]
[SourceDate "2016.10.25"]
[SourceVersion "1"]
[SourceVersionDate "2016.10.25"]
[SourceQuality "1"]

1. h3 Nf6 2. d3 g6 3. Nc3 Bg7 4. Bd2 0-0 5. e4 d6 6. f3 e5 7. Be3 Nh5 8. Nge2 Nc6 9. Qd2 Nd4 10. 0-0-0 Be6 11. Bh6 c5 12. Bxg7 Kxg7 13. Nxd4 cxd4 14. Nd5 Bxd5 15. exd5 Rc8 16. h4 h6 17. g4 Nf4 18. g5 h5 19. Bh3 Rc5 20. Rde1 Qc7 21. Kb1 Qb6 22. Rc1 Nxd5 23. Ka1 a5 24. Bd7 Ra8 25. Ba4 Qa6 26. c3 b5 27. cxd4 Rxc1+ 28. Rxc1 bxa4 29. dxe5 dxe5 30. d4 Rc8 31. Re1 Qc4 32. dxe5 Nb4 33. b3 Qc2 34. Qe2 Qc3+ 35. Kb1 Nd3 0-1